000
00275nam a22001097a 4500
008
140321t xxu||||| |||| 00| 0 eng d
100
_a
Micheal W. Young
_9
800
245
_a
Methods in Enzymology
_b
Circadian Rhythms
300
_a
920
440
_v
volume 393
_9
801
942
_2
ddc
_c
BK
999
_c
17051
_d
17051